000 01056cab a2200265 4500
001 ABS50981
008 090401t1994 xxu||||| |||| 00| 0 eng d
035 _a(Sirsi) u3764
041 _aeng
100 _aWoolley, J.
245 _aFIG`98 - it`s closer than you think
260 _c1994
350 _a0
490 _aCSM (Chartered Surveyor Monthly)
_v3(9) June 1994, 24-26(3)
520 _aOutlines the role that the RICS will play in the administration of the International Federation of Surveyors, and asks whether it is helping surveyors to face up to and respond to the challenge of global economic and social change. Looks at the benefits and reviews papers given at the Melbourne congress and topical issues for FIG including its relations with the UN.
650 _aFIG
650 _aINTERNATIONAL FEDERATION OF SURVEYORS
650 _aMENTOR
650 _aRICS
690 _aECONOMIC AND SOCIAL
690 _aMANAGEMENT-BUSINESS MANAGEMENT-PROFESSIONAL PRACTICE
690 _aSPECIAL REPORTS
942 _n0
948 _c04/03/1997
999 _c2295
_d2295